| 000 | 00711cac a2200181 a 4500 | ||
|---|---|---|---|
| 008 | 041112s1976 mx 000 0 spa u | ||
| 035 | _aa441507 | ||
| 050 | 0 | 0 |
_aHD4875 .M4 _bC37 1976 |
| 100 | 1 | _aChávez Orozco, Luis | |
| 245 | 1 | 0 |
_aPáginas de historia económica de México : _b[Condiciones del trabajo durante la colonia y principios del siglo XX] / _cLuis Chávez Orozco. |
| 250 | _a2a ed. | ||
| 260 |
_aMéxico : _bCentro de Estudios Históricos del Movimiento Obrero Mexicano, _c1976. |
||
| 300 |
_a83 p. ; _c17 cm. |
||
| 440 | 0 |
_aCuadernos obreros ; _v7 |
|
| 650 | 0 |
_aTrabajo y trabajadores _zMéxico _xHistoria |
|
| 651 | 4 |
_aMéxico _xHistoria _yDominación española, 1517-1821 |
|
| 942 |
_2lcc _cLIB |
||
| 999 |
_c66335 _d66335 |
||